000 01105nam0a22003131 4500
001 rc\3264649
005 20250609230118.0
021 _aRU
_b[72-9989]
035 _a(NLR Aleph) 007542584
090 _a9770352
_c9770352
100 _a20130115d1971 |||y0rusy50 ca
101 0 _arus
102 _aRU
105 _aa z |||||
200 1 _aБибисара Бейшеналиева
210 _aФрунзе
_cКыргызстан
_d1971
215 _a115 с., 8 л. ил.
_cил.
_d22
300 _aНа пер. авт. не указан
320 _aСтатьи Б. Бейшеналиевой и лит. о ней: с. 112-114
606 _aАртисты балета
_2psbo
606 _aКиргизский советский балет
_2psbo
700 1 _aУразгильдеев
_bР.Х.
_gРоберт Хасанович
702 1 _6z01790
_aБейшеналиева
_bБ.
_gБюбюсара
_4570
790 1 _6z01702
_aБейшеналиева
_bБ.
_gБибисара
801 0 _aRU
_bNLR
_gpsbo
801 1 _aRU
_bELAR
_2rusmarc
852 _aNLR
_j71-5/6675
942 _cBOOK
980 _aNB